| 000 | 00627nam a2200193Ii 4500 | ||
|---|---|---|---|
| 003 | JO-AjNU | ||
| 008 | 230605s9999||||xx |||||||||||||| ||und|| | ||
| 040 |
_aJO-AjNU _bara _erda _cJO-AjNU |
||
| 041 | _aara | ||
| 050 | 1 | 4 | _aPJ7858.A2.A17 1972 |
| 100 | 3 |
_aتأليف قابادو،محمود, _eauthor _97985 |
|
| 245 | 0 | 0 | _aديوان محمود قابادو الجزء الثاني |
| 264 | 3 | 1 | _aتونس:الدار التونسية للنشر،1972 |
| 300 | _a189ص | ||
| 336 |
_atext _btxt _2rdacontent |
||
| 337 |
_aunmediated _bn _2rdamedia |
||
| 338 |
_avolume _bnc _2rdacarrier |
||
| 650 | 4 |
_aالشعر العربي _97986 |
|
| 999 |
_aA556 _c4124 _d4124 |
||